000 00629nam a22002057a 4500
003 OSt
005 20240625103121.0
008 240625b |||||||| |||| 00| 0 eng d
040 _cMUST
082 _a310 BOW1959
100 _aBowker, Albert H.
_917757
245 _aEngineering statistics /
_cAlbert H. Bowker, Gerald J. Lieberman
260 _aNew Jersey
_bPrentice-Hall, Inc
_c1959
300 _axiv, 583p.:
_bill.;
_c25 cm.
504 _aIncludes bibliographical references and index
650 _aEngineering
_9373
650 _aEngineering statistics
_917758
700 _aLieberman, Gerald J.
_9596
942 _2ddc
_cO_SHELF
999 _c8787
_d8787